000 00286nam a2200121Ia 4500
008 190216s9999||||xx |||||||||||||| ||und||
100 _aSethi T T
245 0 _aMoney Banking And International Trade
260 _bS Chand & Co
_c2001
300 _a475p
650 _aCommerce
942 _cBK
999 _c5967
_d5967